Passejades guiades /
Publicado:
Barcelona :
Diputació de Barcelona. Àrea d'Espais Naturals : Xarxa de Parcs Naturals ,
2010
Descripción Física:
fulletons : il·lustracions ; 21 x 10 cm
Colección:
Itineraris guiats
MARC
| LEADER | 00000nam a2200000Ia 4500 | ||
|---|---|---|---|
| 001 | 22676, 23197, 23442, 23987, 23953, 24989, 25878, 26119, 27423, 28398, 28815, 29328 | ||
| 003 | AGDB | ||
| 005 | 20260324181510.0 | ||
| 008 | 160829s2010 - xx 000 0 cat d | ||
| 017 | |a B 10111-2016 | ||
| 017 | |a B 3618-2015 | ||
| 017 | |a B 4036-2020 | ||
| 017 | |a B B 9147-2017 | ||
| 017 | |a B 7422-2018 | ||
| 017 | |a B 4447-2022 | ||
| 017 | |a B 9894-2023 | ||
| 017 | |a B 10799-2024 | ||
| 017 | |a B 10905-2025 | ||
| 040 | |a agdb |b cat | ||
| 110 | 1 | |a Parc de la Serralada Litoral (Catalunya) |9 52719 | |
| 245 | |a Passejades guiades / |c Parc de la Serralada Litoral | ||
| 246 | |a Passejades guiades i altres activitats : |b Gaudeix del Parc amb una nova mirada | ||
| 246 | |a Passejades guiades : |b Gaudiu del Parc amb una nova mirada | ||
| 260 | |a Barcelona : |b Diputació de Barcelona. Àrea d'Espais Naturals : |b Xarxa de Parcs Naturals ; |c 2010- | ||
| 300 | |a fulletons : |b il·lustracions ; |c 21 x 10 cm | ||
| 310 | |a Anual | ||
| 362 | |a 2010- | ||
| 490 | 1 | |a Itineraris guiats | |
| 590 | |a Inclou el mapa amb els punts de trobada | ||
| 610 | 1 | 0 | |a Parc de la Serralada Litoral (Catalunya) |v Guies |9 52710 |
| 610 | 1 | 0 | |a Parc de la Serralada Litoral (Catalunya) |9 52713 |x Circuits turístics |
| 651 | 0 | |9 52896 |a Serralada Litoral Catalana (Catalunya) | |
| 655 | 0 | |a Fulletons |9 55858 | |
| 710 | 1 | |a Barcelona (Catalunya : Província). |b Gerència de Serveis d’Espais Naturals |9 52730 | |
| 710 | 1 | |a Barcelona (Catalunya : Província). |b Xarxa de Parcs Naturals |9 7250 | |
| 830 | 0 | |9 55838 |a Itineraris guiats | |
| 866 | |a 2010-2020 | ||
| 866 | |a 2022-2025 | ||
| 901 | |a Arxiu | ||
| 942 | |n 1 |2 udc |c ARXIU | ||
| 952 | |0 0 |1 0 |4 0 |7 1 |9 54185 |a Arxiu |b Arxiu |d 2023-04-13 |h 2010 |o FU-56-36 |p 22676 |r 2016-12-01 00:00:00 |w 2016-12-01 |y ARXIU | ||
| 952 | |0 0 |1 0 |4 0 |7 1 |9 55867 |a Arxiu |b Arxiu |d 2023-04-13 |h 2014 |o FU-62-128 |p 23987 |r 2016-12-01 00:00:00 |w 2016-12-01 |y ARXIU | ||
| 952 | |0 0 |1 0 |4 0 |6 FU6834 |7 1 |9 61440 |a Arxiu |b Arxiu |d 2022-05-02 |h 2020 |o FU-68-34 |p 25365 |r 2022-05-02 00:00:00 |w 2022-05-02 |y ARXIU | ||
| 952 | |0 0 |1 0 |4 0 |6 FU6875 |7 1 |9 61644 |a Arxiu |b Arxiu |d 2022-05-11 |h 2016 |o FU-68-75 |p 25460 |r 2022-05-11 00:00:00 |w 2022-05-11 |y ARXIU | ||
| 952 | |0 0 |1 0 |4 0 |6 FU6989 |7 1 |9 62101 |a Arxiu |b Arxiu |d 2022-05-30 |h 2015 |o FU-69-89 |p 25709 |r 2022-05-30 00:00:00 |w 2022-05-30 |y ARXIU | ||
| 952 | |0 0 |1 0 |4 0 |6 FU7050 |7 1 |9 62337 |a Arxiu |b Arxiu |d 2022-06-10 |h 2017 |l 0 |o FU-70-50 |p 25878 |r 2022-06-10 00:00:00 |w 2022-06-10 |y ARXIU | ||
| 952 | |0 0 |1 0 |4 0 |6 FU7144 |7 1 |9 62607 |a Arxiu |b Arxiu |d 2022-07-01 |h 2019 |l 0 |o FU-71-44 |p 26119 |r 2022-07-01 00:00:00 |w 2022-07-01 |y ARXIU | ||
| 952 | |0 0 |1 0 |4 0 |6 FU7472 |7 1 |9 65370 |a Arxiu |b Arxiu |d 2023-02-28 |h 2022 |o FU-74-72 |p 27423 |r 2023-02-28 00:00:00 |w 2023-02-28 |y ARXIU | ||
| 952 | |0 0 |1 0 |4 0 |6 FU6130 |7 1 |9 65380 |a Arxiu |b Arxiu |d 2023-02-28 |h 2012 |l 0 |o FU-61-30 |p 23442 |r 2023-02-28 00:00:00 |w 2023-02-28 |y ARXIU | ||
| 952 | |0 0 |1 0 |4 0 |6 FU62102 |7 1 |9 65407 |a Arxiu |b Arxiu |d 2023-03-01 |h 2013 |l 0 |o FU-62-102 |p 23953 |r 2023-03-01 00:00:00 |w 2023-03-01 |y ARXIU | ||
| 952 | |0 0 |1 0 |4 0 |6 FU6788 |7 1 |9 65415 |a Arxiu |b Arxiu |d 2023-03-01 |h 2018 |l 0 |o FU-67-88 |p 24989 |r 2023-03-01 00:00:00 |w 2023-03-01 |y ARXIU | ||
| 952 | |0 0 |1 0 |4 0 |6 FU5954 |7 1 |9 65420 |a Arxiu |b Arxiu |d 2023-03-01 |h 2011 |l 0 |o FU-59-54 |p 23197 |r 2023-03-01 00:00:00 |w 2023-03-01 |y ARXIU | ||
| 952 | |0 0 |1 0 |4 0 |6 FU7646 |7 1 |9 96770 |a Arxiu |b Arxiu |d 2024-02-29 |h 2023 |l 0 |o FU-76-46 |p 28398 |r 2024-02-29 00:00:00 |w 2024-02-29 |y ARXIU | ||
| 952 | |0 0 |1 0 |4 0 |6 FU7839 |7 1 |9 98010 |a Arxiu |b Arxiu |d 2025-04-30 |h 2024 |l 0 |o FU-78-39 |p 28815 |r 2025-04-30 00:00:00 |w 2025-04-30 |y ARXIU | ||
| 952 | |0 0 |1 0 |2 udc |4 0 |6 FU7917 |7 1 |9 99088 |a Arxiu |b Arxiu |d 2026-02-04 |h 2025 |l 0 |o FU-79-17 |p 29328 |r 2026-02-04 13:42:05 |w 2026-02-04 |y ARXIU | ||
| 999 | |c 58054 |d 58054 | ||